The noble scholar, jurist, historian


 His Excellency Dr. Abdul Wahhab bin Ibrahim Abu Sulaiman, may Allah have mercy on him.


 He was born in Umm Al-Qura in the year 1356 AH.

جامع المسانيد والسنن الهادي لأقوم سنن / (Record no. 2798)

MARC details
000 -LEADER
fixed length control field 01288cam a2200265 i 4500
003 - CONTROL NUMBER IDENTIFIER
control field SA-RiAUC
005 - DATE AND TIME OF LATEST TRANSACTION
control field 20241127065050.0
008 - FIXED-LENGTH DATA ELEMENTS--GENERAL INFORMATION
fixed length control field 241127s1998 le g 000 0 ara c
040 ## - CATALOGING SOURCE
Original cataloging agency JO-AmJU
Language of cataloging ara
Transcribing agency SA-RiAUC
Description conventions rda
082 04 - DEWEY DECIMAL CLASSIFICATION NUMBER
Classification number 237
090 ## - LOCALLY ASSIGNED LC-TYPE CALL NUMBER (OCLC); LOCAL CALL NUMBER (RLIN)
Classification number (OCLC) (R) ; Classification number, CALL (RLIN) (NR) 237
Local cutter number (OCLC) ; Book number/undivided call number, CALL (RLIN) ا ب ن ك
100 1# - MAIN ENTRY--PERSONAL NAME
Personal name ابن كثير، إسماعيل بن عمر بن كثير،
Dates associated with a name 701-774 هجري
Relator term مؤلف.
245 10 - TITLE STATEMENT
Title جامع المسانيد والسنن الهادي لأقوم سنن /
Statement of responsibility, etc. عماد الدين إسماعيل بن عمر بن كثير الدمشقي ؛ دراسة وتحقيق عبد الملك بن عبد الله بن دهيش.
250 ## - EDITION STATEMENT
Edition statement الطبعة الثانية.
264 #1 - PRODUCTION, PUBLICATION, DISTRIBUTION, MANUFACTURE, AND COPYRIGHT NOTICE
Place of production, publication, distribution, manufacture بيروت :
-- مكة المكرمة :
Name of producer, publisher, distributor, manufacturer دار خضر ؛
-- مكتبة النهضة الحديثة،
Date of production, publication, distribution, manufacture, or copyright notice 1998
300 ## - PHYSICAL DESCRIPTION
Extent 12 مجلد ؛
Dimensions 24 سم
336 ## - CONTENT TYPE
Content type term نص
Content type code txt
Source rdacontent
Materials specified كتاب
337 ## - MEDIA TYPE
Media type term بدون وسيط
Media type code n
Source rdamedia
338 ## - CARRIER TYPE
Carrier type term مجلد
Carrier type code nc
Source rdacarrier
650 #7 - SUBJECT ADDED ENTRY--TOPICAL TERM
Topical term or geographic name entry element الحديث
General subdivision السنن (عدا ما ذكر في الكتب الستة للحديث)
Source of heading or term aucsh
650 #7 - SUBJECT ADDED ENTRY--TOPICAL TERM
Topical term or geographic name entry element الحديث
General subdivision المسانيد
Source of heading or term aucsh
700 1# - ADDED ENTRY--PERSONAL NAME
Personal name ابن دهيش، عبد الملك بن عبد الله،
Dates associated with a name 1360 هجري-
Relator term محقق.
942 ## - ADDED ENTRY ELEMENTS (KOHA)
Source of classification or shelving scheme Dewey Decimal Classification
Koha item type Books
949 ## - LOCAL PROCESSING INFORMATION (OCLC)
a SA-JeALM
d 241127
u khaled123
n 1
Holdings
Withdrawn status Lost status Source of classification or shelving scheme Materials specified (bound volume or other part) Damaged status Not for loan Home library Current library Date acquired Total checkouts Full call number Barcode Date last seen Price effective from Koha item type
    Dewey Decimal Classification الجزء الأول     DR AbdElwahab Library DR AbdElwahab Library 11/27/2024   237 ا ب ن ك 000004334 11/27/2024 11/27/2024 Books
    Dewey Decimal Classification الجزء الثاني     DR AbdElwahab Library DR AbdElwahab Library 11/27/2024   237 ا ب ن ك 000004335 11/27/2024 11/27/2024 Books
    Dewey Decimal Classification الجزء الثالث     DR AbdElwahab Library DR AbdElwahab Library 11/27/2024   237 ا ب ن ك 000004336 11/27/2024 11/27/2024 Books
    Dewey Decimal Classification الجزء الرابع     DR AbdElwahab Library DR AbdElwahab Library 11/27/2024   237 ا ب ن ك 000004337 11/27/2024 11/27/2024 Books
    Dewey Decimal Classification الجزء الخامس     DR AbdElwahab Library DR AbdElwahab Library 11/27/2024   237 ا ب ن ك 000004338 11/27/2024 11/27/2024 Books
    Dewey Decimal Classification الجزء السادس     DR AbdElwahab Library DR AbdElwahab Library 11/27/2024   237 ا ب ن ك 000004339 11/27/2024 11/27/2024 Books
    Dewey Decimal Classification الجزء السابع     DR AbdElwahab Library DR AbdElwahab Library 11/27/2024   237 ا ب ن ك 000004340 11/27/2024 11/27/2024 Books
    Dewey Decimal Classification الجزء التاسع     DR AbdElwahab Library DR AbdElwahab Library 11/27/2024   237 ا ب ن ك 000004341 11/27/2024 11/27/2024 Books
    Dewey Decimal Classification الجزء العاشر     DR AbdElwahab Library DR AbdElwahab Library 11/27/2024   237 ا ب ن ك 000004342 11/27/2024 11/27/2024 Books
    Dewey Decimal Classification الجزء الثامن     DR AbdElwahab Library DR AbdElwahab Library 11/30/2024   237 ا ب ن ك 000004451 11/30/2024 11/30/2024 Books